000 00230nam a2200109Ia 4500
999 _c6771
_d6771
020 _a978-0198292227
100 _aJohn Kay
245 4 _aThe Business of Economics
260 _aNew York
_bPearson
_c1996
300 _a216
942 _cBK